[Event "It"]
[Site "masterchessopen.com Ptuj (Slovenia)"]
[Round "3"]
[White "Jelen Igor (SLO)"]
[Black "Kurajica Bojan (CRO)"]
[Result "0-1"]
[WhiteElo "2380"]
[BlackElo "2524"]

1.d4 Nf6 2.c4 e6 3.Nc3 Bb4 4.e3 O-O 5.Bd3 d5 6.a3 Bxc3+ 7.bxc3 c5 8.cxd5 exd5
9.Ne2 b6 10.O-O Ba6 11.Bxa6 Nxa6 12.f3 Nc7 13.Qd3 Qe8 14.a4 Qc6 15.Ng3 Rfe8
16.Re1 h5 17.Ra2 g6 18.Nh1 Rac8 19.Nf2 Ne6 20.Bd2 Ng7 21.e4 cxd4 22.Qxd4 Qc4
23.Qxc4 Rxc4 24.Bg5 Nh7 25.Bd2 Rd8 26.Kf1 Ne6 27.a5 bxa5 28.Rxa5 dxe4 29.Nxe4
Rxe4 30.Rxe4 Rxd2 31.Rxa7 Nf6 32.Re2 Rd3 33.Rc2 Nd5 34.Rb2 Nef4 35.Rbb7 Rd1+
36.Kf2 Rd2+ 37.Kg3 Rxg2+ 38.Kh4 g5# 0-1

[Event "It (open)"]
[Site "masterchessopen.com Werfen (Austria)"]
[Round "0"]
[White "Dereviagin Vladislav (RUS)"]
[Black "Dokhoian Yury (RUS)"]
[Result "0-1"]
[WhiteElo "2320"]
[BlackElo "2545"]

1.d4 Nf6 2.c4 e6 3.Nc3 Bb4 4.e3 O-O 5.Bd3 d5 6.a3 Bxc3+ 7.bxc3 dxc4 8.Bxc4 c5
9.Ne2 Qc7 10.Bd3 e5 11.e4 cxd4 12.cxd4 exd4 13.O-O Re8 14.Ng3 Nbd7 15.f4 Qc3
16.Ra2 Nc5 17.Bb5 Bg4 18.Ne2 Bxe2 19.Rxe2 d3 20.Ref2 Ncxe4 21.Bxe8 Nxf2
22.Bxf7+ Kxf7 23.Rxf2 Re8 24.Rd2 Qd4+ 25.Kh1 Ne4 26.Bb2 Nf2+ 27.Rxf2 Qxf2
28.Qh5+ Kf8 29.Qf5+ Kg8 30.Qd5+ Kh8 31.Bxg7+ Kxg7 32.Qd7+ Kf8 33.Qd6+ Re7
34.Qd8+ Kf7 35.Qd5+ Ke8 36.Qg8+ Kd7 37.Qd5+ Kc7 38.Qc4+ Kb6 39.Qb4+ Kc6
40.Qa4+ b5 {#R} 0-1

[Event "It (open)"]
[Site "masterchessopen.com Balatonbereny (Hungary)"]
[Round "0"]
[White "Bagonyai Attila (HUN)"]
[Black "Horvath Jozsef M (HUN)"]
[Result "0-1"]
[WhiteElo "2343"]
[BlackElo "2104"]

1.d4 Nf6 2.c4 e6 3.Nc3 Bb4 4.e3 O-O 5.Bd3 d5 6.a3 Bxc3+ 7.bxc3 dxc4 8.Bxc4 c5
9.f4 Qc7 10.Be2 b6 11.Nf3 Bb7 12.O-O Nc6 13.Bd3 Ne7 14.a4 Rfd8 15.a5 bxa5
16.Qa4 Be4 17.Bxe4 Nxe4 18.Qxa5 Qxa5 19.Rxa5 c4 20.Ra4 Rdc8 21.Bd2 Nd5 22.Rc1
Rc7 23.Rca1 Ndxc3 24.Bxc3 Nxc3 25.Ra5 h6 26.f5 exf5 27.Rxf5 Rb8 28.Rc5 Rxc5
29.dxc5 Rc8 30.Rxa7 Rxc5 31.Kf2 Ne4+ 32.Ke2 Rb5 33.Nd4 Rb2+ 34.Kf3 Nd2+ 35.Kg3
Nf1+ 36.Kf3 Nxh2+ 37.Kg3 Nf1+ 38.Kf3 Nd2+ 39.Kf4 Nb3 {#R} 0-1

[Event "It (open)"]
[Site "masterchessopen.com Bled (Slovenia)"]
[Round "8"]
[White "Jelen Iztok (SLO)"]
[Black "Brglez Rado (SLO)"]
[Result "1-0"]
[WhiteElo "2430"]
[BlackElo "2315"]

1.d4 Nf6 2.c4 e6 3.Nc3 Bb4 4.e3 O-O 5.Bd3 d5 6.a3 Bxc3+ 7.bxc3 dxc4 8.Bxc4 c5
9.Nf3 Qa5 10.Bd2 Qc7 11.Bd3 Nc6 12.e4 e5 13.d5 c4 14.Bxc4 Na5 15.Bd3 Nxd5
16.exd5 e4 17.Bxe4 Re8 18.O-O Rxe4 19.Ng5 Re8 20.Qc2 g6 21.Qa4 Bd7 22.Qh4 h5
23.Ne4 Nb3 24.Nf6+ Kg7 25.Bf4 Qxc3 26.Nxd7 Nxa1 27.Bg5 {#r} 1-0

[Event "Ch Netherlands (qual)"]
[Site "masterchessopen.com Enschede (Netherlands)"]
[Round "0"]
[White "Konings Leon (NED)"]
[Black "Pliester Leon (NED)"]
[Result "0-1"]
[WhiteElo "2240"]
[BlackElo "2345"]

1.d4 Nf6 2.c4 e6 3.Nc3 Bb4 4.e3 O-O 5.Bd3 d5 6.a3 Bxc3+ 7.bxc3 dxc4 8.Bxc4 c5
9.Ne2 Qc7 10.Bd3 Nc6 11.f4 b6 12.O-O Bb7 13.Ng3 Rad8 14.e4 cxd4 15.e5 Nd5
16.c4 Ne3 17.Bxe3 dxe3 18.Bxh7+ Kxh7 19.Qh5+ Kg8 20.Ne4 f6 21.Rf3 Nxe5 22.Rxe3
Bxe4 23.Rxe4 Qc5+ 24.Kh1 Nd3 {#R} 0-1

[Event "Ch Romania (team)"]
[Site "masterchessopen.com Romania"]
[Round "0"]
[White "Dumitrache Dragos-Nicolae (ROM)"]
[Black "Barbulescu Dan (ROM)"]
[Result "0-1"]
[WhiteElo "2454"]
[BlackElo "2390"]

1.d4 Nf6 2.c4 e6 3.Nc3 Bb4 4.e3 O-O 5.Bd3 d5 6.a3 Bxc3+ 7.bxc3 dxc4 8.Bxc4 c5
9.Ne2 Nc6 10.O-O Qc7 11.Ba2 b6 12.Qd3 e5 13.e4 cxd4 14.cxd4 Nxd4 15.Nxd4 exd4
16.Bb2 Be6 17.Bxe6 fxe6 18.Bxd4 Rad8 19.f3 Qd7 20.Rfd1 Qa4 21.e5 Nh5 22.g3 Nf4
23.gxf4 Rxf4 24.Qf1 Rfxd4 25.Re1 Rd3 {#R} 0-1

[Event "It \"]
[Site "masterchessopen.com Aarhus (Denmark)"]
[Round "8"]
[White "Kjeldsen Jens (DEN)"]
[Black "Sax Gyula (HUN)"]
[Result "0-1"]
[WhiteElo "2375"]
[BlackElo "2515"]

1.d4 Nf6 2.c4 e6 3.Nc3 Bb4 4.e3 O-O 5.Bd3 d5 6.a3 Bxc3+ 7.bxc3 c5 8.cxd5 exd5
9.Ne2 b6 10.O-O Ba6 11.f3 Re8 12.Ng3 Bxd3 13.Qxd3 Nc6 14.Ra2 Qd7 15.Re2 Rad8
16.Bb2 Re6 17.Rd1 h5 18.Nh1 Na5 19.e4 dxe4 20.fxe4 Qa4 21.Nf2 Nc4 22.Bc1 cxd4
23.cxd4 Ne5 24.Qd2 Neg4 25.Nxg4 Nxe4 26.Nh6+ gxh6 27.Qc2 Rxd4 28.Qxa4 Rxa4
29.Rd8+ Kh7 30.Bb2 h4 31.g4 hxg3 32.hxg3 Ng5 33.Rh8+ Kg6 34.Rg8+ Kh5 35.Rh2+
Kg4 36.Kf2 Kf5 37.Kf1 Rae4 {#R} 0-1

[Event "It (open)"]
[Site "masterchessopen.com Bled (Slovenia)"]
[Round "5"]
[White "Jelen Igor (SLO)"]
[Black "Roskar Robert (SLO)"]
[Result "1-0"]
[WhiteElo "2380"]
[BlackElo "2290"]

1.d4 Nf6 2.c4 e6 3.Nc3 Bb4 4.e3 O-O 5.Bd3 d5 6.a3 Bxc3+ 7.bxc3 c5 8.cxd5 exd5
9.Ne2 b6 10.O-O Ba6 11.f3 Re8 12.Ng3 Qd7 13.Ra2 Bxd3 14.Qxd3 Nc6 15.Re2 Re6
16.Rd1 Rc8 17.Bb2 Ne7 18.e4 Ng6 19.Qd2 cxd4 20.cxd4 dxe4 21.fxe4 Rce8 22.Rde1
Qa4 23.Qg5 Qc4 24.Qf5 R6e7 25.h3 h6 26.Qf2 Nf8 27.e5 Nd5 28.Nf5 Re6 29.Nd6
Rxd6 30.exd6 Rd8 31.Re7 Nf6 32.d5 Rxd6 33.Be5 Rxd5 34.Bxf6 gxf6 35.Qxf6 {#r}
1-0

[Event "It (open)"]
[Site "masterchessopen.com Dortmund (Germany)"]
[Round "4"]
[White "Gebhardt Ulrich (GER)"]
[Black "Pinkus Lutz (GER)"]
[Result "0-1"]
[WhiteElo "2225"]
[BlackElo "2170"]

1.d4 e6 2.c4 Nf6 3.Nc3 Bb4 4.e3 O-O 5.Bd3 d5 6.a3 Bxc3+ 7.bxc3 dxc4 8.Bxc4 e5
9.Bb2 exd4 10.cxd4 c5 11.Ne2 cxd4 12.Nxd4 Qa5+ 13.Qd2 Qxd2+ 14.Kxd2 Nbd7
15.Rhd1 Nb6 16.Bb3 Bd7 17.Rac1 Ba4 18.Rc7 Bxb3 19.Nxb3 Rfc8 20.Rdc1 Nfd5
21.Rxc8+ Rxc8 22.Na5 Rb8 23.e4 Nf4 24.g3 Ne6 25.Ke3 Nd7 26.f4 f6 27.Rd1 Nec5
28.Rd5 Kf7 29.Bd4 b6 30.Nc6 Re8 31.e5 fxe5 32.fxe5 Nf6 33.Rd6 Nb7 34.e6+ Kg8
{#R} 0-1

[Event "Ch World (qual) (PCA)"]
[Site "masterchessopen.com Groningen (Netherlands)"]
[Round "3"]
[White "Gulko Boris F (USA)"]
[Black "Hjartarson Johann (ISL)"]
[Result "1-0"]
[WhiteElo "2635"]
[BlackElo "2605"]

1.d4 Nf6 2.c4 e6 3.Nc3 Bb4 4.e3 O-O 5.Bd3 d5 6.a3 Bxc3+ 7.bxc3 dxc4 8.Bxc4 c5
9.Nf3 b6 10.O-O Bb7 11.Bd3 Nbd7 12.Re1 e5 13.e4 Qc7 14.Bg5 exd4 15.cxd4 cxd4
16.e5 Nd5 17.Rc1 Nc5 18.Nxd4 g6 19.Bc4 Rfe8 20.Nb5 Qc6 21.Nd6 Ne3 22.Bxf7+ Kg7
23.Qf3 Qxf3 24.gxf3 {#r} 1-0

[Event "Ch World (qual) (PCA)"]
[Site "masterchessopen.com Groningen (Netherlands)"]
[Round "5"]
[White "Gulko Boris F (USA)"]
[Black "Lobron Eric (GER)"]
[Result "1-0"]
[WhiteElo "2635"]
[BlackElo "2575"]

1.d4 Nf6 2.c4 e6 3.Nc3 Bb4 4.e3 O-O 5.Bd3 d5 6.a3 Bxc3+ 7.bxc3 dxc4 8.Bxc4 c5
9.Nf3 b6 10.O-O Bb7 11.Re1 Nbd7 12.Bd3 Be4 13.Bxe4 Nxe4 14.Qd3 f5 15.c4 Qe7
16.Bb2 Rad8 17.a4 e5 18.Qc2 exd4 19.exd4 Qf7 20.d5 Rfe8 21.Re3 Re7 22.Rae1
Rde8 23.Nd2 Nd6 24.Qd3 Rxe3 25.Rxe3 Rxe3 26.Qxe3 f4 27.Qe2 Qf5 28.Qe7 Nf7
29.Qe6 g6 30.Qe8+ Nf8 31.Ne4 {#r} 1-0

[Event "Ch France (open)"]
[Site "masterchessopen.com Nantes (France)"]
[Round "5"]
[White "Neiman Emmanuel (FRA)"]
[Black "Giffard Nicolas (FRA)"]
[Result "1-0"]
[WhiteElo "2335"]
[BlackElo "2380"]

1.d4 Nf6 2.c4 e6 3.Nc3 Bb4 4.e3 O-O 5.Bd3 d5 6.a3 Bxc3+ 7.bxc3 c5 8.Ne2 Qc7
9.cxd5 exd5 10.O-O c4 11.Bc2 Nc6 12.Ng3 Re8 13.f3 h5 14.Nh1 Ne7 15.e4 dxe4
16.fxe4 Bg4 17.Qd2 Ng6 18.e5 Nd5 19.h3 Be6 20.Ng3 Qa5 21.Ne4 Rad8 22.Rb1 b6
23.Kh1 Rd7 24.a4 Nde7 25.Rb5 Qa6 26.Nf6+ Kf8 27.Qh6 Red8 28.Bxg6 {#r} 1-0

[Event "It (open)"]
[Site "masterchessopen.com New York (USA)"]
[Round "8"]
[White "Hess Ralf (GER)"]
[Black "Song Paul (USA)"]
[Result "1-0"]
[WhiteElo "2319"]
[BlackElo "2066"]

1.d4 Nf6 2.c4 e6 3.Nc3 Bb4 4.e3 O-O 5.Bd3 d5 6.a3 Bxc3+ 7.bxc3 c5 8.Ne2 Nc6
9.cxd5 exd5 10.O-O a6 11.Ng3 Re8 12.f3 cxd4 13.cxd4 b5 14.Ra2 Bb7 15.Re2 Rc8
16.Bb2 Na5 17.e4 Nc4 18.e5 Nd7 19.Nf5 Ndb6 20.Bc1 Rc6 21.Bb1 Bc8 22.Qd3 Bxf5
23.Qxf5 Qh4 24.f4 Rh6 25.g3 Qh5 26.Qxh5 Rxh5 27.f5 g5 28.f6 Na4 29.Bf5 Nc3
30.Rc2 Ne4 31.Kg2 a5 32.a4 Nb6 33.axb5 a4 34.Rc6 {#r} 1-0

[Event "It (open)"]
[Site "masterchessopen.com Amantea (Italy)"]
[Round "0"]
[White "Hoffmann Regis (FRA)"]
[Black "Smagin Sergey (RUS)"]
[Result "0-1"]
[WhiteElo "2097"]
[BlackElo "2540"]

1.d4 Nf6 2.c4 e6 3.Nc3 Bb4 4.e3 O-O 5.Bd3 d5 6.a3 Bxc3+ 7.bxc3 dxc4 8.Bxc4 c5
9.Ne2 Qc7 10.Ba2 b6 11.O-O Ba6 12.f3 Nc6 13.Rf2 Rfd8 14.Ng3 Rac8 15.Qe1 Rd7
16.Bb2 Na5 17.Nf1 Bc4 18.Nd2 Bxa2 19.Rxa2 e5 20.dxe5 Qxe5 21.c4 Qe6 22.e4 Rcd8
23.Ra1 Nh5 24.g3 Nxc4 25.Nxc4 Qxc4 26.f4 Nf6 27.Re2 Rd3 28.e5 Ne8 29.e6 f6
30.f5 Qg4 31.Qf1 R8d5 32.e7 Qxf5 33.Rf2 Qe6 34.Re2 Qd7 35.Qf4 Qf5 36.Qc4 Qh5
37.Rae1 Qf7 38.Qg4 h5 39.Qc8 Rd7 40.Rd1 {#R} 0-1

[Event "It"]
[Site "masterchessopen.com Augsburg (Germany)"]
[Round "0"]
[White "Levitt Jonathan (ENG)"]
[Black "Kveinys Aloyzas (LTU)"]
[Result "1-0"]
[WhiteElo "2425"]
[BlackElo "2510"]

1.d4 Nf6 2.c4 e6 3.Nc3 Bb4 4.e3 O-O 5.Bd3 d5 6.a3 Bxc3+ 7.bxc3 c5 8.cxd5 exd5
9.Ne2 b6 10.O-O Ba6 11.Bxa6 Nxa6 12.Qd3 Nc7 13.f3 Re8 14.Ng3 Qd7 15.e4 Qb5
16.Qxb5 Nxb5 17.e5 Nd7 18.Bb2 g6 19.f4 Nc7 20.a4 a6 21.Ba3 cxd4 22.cxd4 Ne6
23.Ne2 Rec8 24.Rfc1 f5 25.Kf2 Kf7 26.Ke3 Nd8 27.Rc3 Rxc3+ 28.Nxc3 Ke6 29.Rc1
Rc8 30.Ne4 {#r} 1-0

[Event "It (open)"]
[Site "masterchessopen.com London (England)"]
[Round "3"]
[White "Wilson Jonathan (ENG)"]
[Black "Stanton William (ENG)"]
[Result "1-0"]
[WhiteElo "2190"]
[BlackElo "2095"]

1.d4 Nf6 2.c4 e6 3.Nc3 Bb4 4.e3 O-O 5.Bd3 d5 6.a3 Bxc3+ 7.bxc3 b6 8.cxd5 exd5
9.Ne2 Re8 10.f3 c5 11.O-O Ba6 12.Ng3 Bxd3 13.Qxd3 Nc6 14.Ra2 c4 15.Qb1 h5
16.Re2 Ne7 17.e4 h4 18.Nh1 Nh7 19.e5 Qd7 20.g4 Ng6 21.Nf2 Ngf8 22.f4 Ne6
23.Be3 Kh8 24.Qc1 f6 25.f5 Neg5 26.Bxg5 Nxg5 27.e6 Qd6 28.Kg2 Kh7 29.Nh3 Nxh3
30.Kxh3 g5 31.fxg6+ Kxg6 32.Qc2+ Kg7 33.Qf5 Qe7 34.Qxd5 Qxa3 35.Rxf6 Qxc3+
36.Rf3 Qa5 37.Qd7+ Kh8 {#r} 1-0

[Event "Ch Germany (juniors) (under 17)"]
[Site "masterchessopen.com Friedersdorf (Germany)"]
[Round "4"]
[White "Richter Maik (GER)"]
[Black "Gross David (GER)"]
[Result "0-1"]
[WhiteElo "2186"]
[BlackElo "2240"]

1.d4 Nf6 2.c4 e6 3.Nc3 Bb4 4.e3 O-O 5.Bd3 d5 6.a3 Bxc3+ 7.bxc3 c5 8.Ne2 dxc4
9.Bxc4 Qc7 10.Bd3 Nc6 11.e4 cxd4 12.cxd4 Nxd4 13.Nxd4 Qc3+ 14.Qd2 Qxa1 15.Nb5
Rd8 16.O-O Qe5 17.Qc2 Bd7 18.Bb2 Qh5 19.Nd6 Bc6 20.Nc4 Rac8 21.e5 Bxg2 22.exf6
Bf3 23.Rc1 Qh3 24.Ne3 Rxc2 25.Rxc2 e5 26.Rd2 b6 {#R} 0-1

[Event "Bayern Regionalliga Northwest 1994/95"]
[Site "masterchessopen.com Germany"]
[Round "0"]
[White "Gehlert Klaus (GER)"]
[Black "Scheringer Dietrich"]
[Result "1-0"]
[WhiteElo "2270"]
[BlackElo "2010"]

1.d4 e6 2.c4 Nf6 3.Nc3 Bb4 4.e3 O-O 5.Bd3 d5 6.a3 Bxc3+ 7.bxc3 c5 8.cxd5 exd5
9.Ne2 Nc6 10.O-O Re8 11.f3 b6 12.Ng3 a5 13.a4 Ba6 14.Bxa6 Rxa6 15.Qd3 Ra8
16.Ba3 cxd4 17.cxd4 g6 18.Rfe1 h5 19.Rab1 Re6 20.Ne2 g5 21.Qf5 Nh7 22.Nc3 Qe8
23.Nxd5 Nxd4 24.Qd3 Nc6 25.Nc7 Rd8 26.Qc3 Qd7 27.Nxe6 {#r} 1-0

[Event "It (open)"]
[Site "masterchessopen.com Jyvaskyla (Finland)"]
[Round "2"]
[White "Heinimaki Leo (FIN)"]
[Black "Hermlin Aarne (EST)"]
[Result "0-1"]
[WhiteElo "2072"]
[BlackElo "2335"]

1.d4 Nf6 2.c4 e6 3.Nc3 Bb4 4.e3 O-O 5.Bd3 d5 6.a3 Bxc3+ 7.bxc3 dxc4 8.Bxc4 c5
9.Bd3 Qc7 10.Ne2 b6 11.O-O Ba6 12.Bxa6 Nxa6 13.Qd3 Qb7 14.f3 Rac8 15.e4 Nb8
16.Bg5 Nbd7 17.Ng3 cxd4 18.cxd4 Qc6 19.Rfc1 Qa4 20.Ne2 h6 21.Be3 Rfd8 22.Qb1
Rc4 23.Rxc4 Qxc4 24.Kf2 e5 25.Qc1 Qa6 26.Qb2 exd4 27.Bxd4 Nc5 28.Bxc5 bxc5
29.Qc3 Rd3 30.Qxc5 Nxe4+ 31.fxe4 Qf6+ 32.Qf5 Qxa1 33.Qc8+ Kh7 34.Qf5+ g6
35.Qxf7+ Qg7 36.Qa2 Qf8+ {#R} 0-1

[Event "Ch Netherlands (team)"]
[Site "masterchessopen.com Netherlands"]
[Round "9"]
[White "Roobol Martin (NED)"]
[Black "Langeweg Kick (NED)"]
[Result "1-0"]
[WhiteElo "2325"]
[BlackElo "2375"]

1.d4 Nf6 2.c4 e6 3.Nc3 Bb4 4.e3 O-O 5.Bd3 d5 6.a3 Bxc3+ 7.bxc3 dxc4 8.Bxc4 c5
9.Nf3 Qc7 10.Qd3 Nbd7 11.O-O b6 12.e4 cxd4 13.cxd4 e5 14.Bb2 exd4 15.Qxd4 Rd8
16.Rad1 Bb7 17.Ng5 Ne5 18.Qxe5 Qxc4 19.Qe7 Rxd1 20.Rxd1 Bc6 21.Rc1 Qb3 22.Bxf6
gxf6 23.Qxf6 Be8 24.Qh6 Qb2 25.Nxh7 Rc8 26.Rxc8 {#r} 1-0

[Event "It (open)"]
[Site "masterchessopen.com Tivat (Yugoslavia)"]
[Round "8"]
[White "Golubovic Zoran (SRB)"]
[Black "Abramovic Bosko (SRB)"]
[Result "1-0"]
[WhiteElo "2289"]
[BlackElo "2480"]

1.d4 Nf6 2.c4 e6 3.Nc3 Bb4 4.e3 O-O 5.Bd3 d5 6.a3 Bxc3+ 7.bxc3 c5 8.Ne2 dxc4
9.Bxc4 Qc7 10.Ba2 Rd8 11.O-O e5 12.Bb2 Be6 13.Bxe6 fxe6 14.Qb1 Nc6 15.Qa2 Kf7
16.f4 exf4 17.Nxf4 Qd6 18.Rae1 Ke7 19.e4 e5 20.Nd5+ Kf8 21.Nxf6 gxf6 22.d5 Ne7
23.Rxf6+ Qxf6 24.Rf1 Rd6 25.c4 Ng6 26.Rxf6+ Rxf6 27.Qb3 Kg8 28.Qg3 Re8 29.Bc1
Kh8 30.Bg5 Rf7 31.Qg4 Nf8 32.h4 Nd7 33.h5 Nb6 34.h6 Rg8 35.Qe6 Nd7 36.Qxf7
{#r} 1-0

[Event "It (open)"]
[Site "masterchessopen.com Boblingen (Germany)"]
[Round "0"]
[White "Schaefer Michael (GER)"]
[Black "Dautov Rustem (GER)"]
[Result "0-1"]
[WhiteElo "2210"]
[BlackElo "2615"]

1.d4 Nf6 2.c4 e6 3.Nc3 Bb4 4.e3 O-O 5.Bd3 d5 6.a3 Bxc3+ 7.bxc3 dxc4 8.Bxc4 c5
9.Ne2 Qc7 10.Bd3 e5 11.O-O e4 12.Bc2 b6 13.Ng3 Bb7 14.a4 Nbd7 15.Bd2 Rac8
16.Bb1 Bd5 17.f4 Rfe8 18.Ba2 cxd4 19.cxd4 Bxa2 20.Rxa2 Qc4 21.Rb2 Rc7 22.a5
Rec8 23.Qb1 Qc6 24.Qa2 g6 25.Rc1 Qd6 26.Rbc2 b5 27.Qb1 Rxc2 28.Rxc2 Rc6 29.Qc1
Nb8 30.Qb1 Qd5 31.Ne2 a6 32.Rc1 Rxc1+ 33.Qxc1 Nc6 34.h3 b4 35.g4 Qb5 36.Ng3 h6
37.Qb1 Qd3 38.Qxd3 exd3 39.g5 b3 {#R} 0-1

[Event "It (open)"]
[Site "masterchessopen.com Celle Ligure (Italy)"]
[Round "0"]
[White "Giuriato Sergio (ITA)"]
[Black "Egartner Wolfgang (AUT)"]
[Result "0-1"]
[WhiteElo "1961"]
[BlackElo "2151"]

1.d4 Nf6 2.c4 e6 3.Nc3 Bb4 4.e3 O-O 5.Bd3 d5 6.a3 Bxc3+ 7.bxc3 c5 8.cxd5 exd5
9.Ne2 Nc6 10.O-O Re8 11.Ng3 b6 12.dxc5 bxc5 13.Bb5 Re6 14.e4 d4 15.f4 Qb6
16.Bc4 Nxe4 17.Nxe4 Rxe4 18.Bd3 Re7 19.Qh5 g6 20.Qg5 f5 21.Rb1 Qc7 22.Bd2 Be6
23.Rb5 Qd6 24.c4 Rae8 25.Rfb1 Bc8 26.h4 Rg7 27.Qg3 Ba6 28.R5b2 Kh8 29.Qf3 Ne7
30.h5 gxh5 31.Qxh5 Reg8 32.Qf3 Rg3 33.Qf1 Bb7 34.Be1 Rxg2+ 35.Rxg2 Rxg2+
36.Qxg2 Bxg2 37.Kxg2 Qxf4 38.Rb7 Ng6 39.Bf2 Qg4+ 40.Kh2 Qf3 {#R} 0-1

[Event "It (open)"]
[Site "masterchessopen.com Veszprem (Hungary)"]
[Round "7"]
[White "Zemerov Vladimir (RUS)"]
[Black "Eismont Oleg (RUS)"]
[Result "1-0"]
[WhiteElo "2400"]
[BlackElo "2455"]

1.d4 Nf6 2.c4 e6 3.Nc3 Bb4 4.e3 O-O 5.Bd3 d5 6.a3 Bxc3+ 7.bxc3 dxc4 8.Bxc4 c5
9.Bb2 Qa5 10.Qd2 Nbd7 11.Rc1 b5 12.Bd3 Bb7 13.Nf3 Nb6 14.c4 Qxd2+ 15.Nxd2 cxd4
16.Bxd4 Nxc4 17.Nxc4 bxc4 18.Bxc4 Rfc8 19.O-O Rc7 20.Bb5 Rxc1 21.Rxc1 a6
22.Be2 Rc8 23.Rb1 Be4 24.Bxa6 Bxb1 25.Bxc8 Kf8 26.Bxf6 {#r} 1-0

[Event "Olympiad"]
[Site "masterchessopen.com Yerevan (Armenia)"]
[Round "12"]
[White "Wohl Aleksandar H (AUS)"]
[Black "Renet Olivier (FRA)"]
[Result "0-1"]
[WhiteElo "2400"]
[BlackElo "2505"]

1.d4 Nf6 2.c4 e6 3.Nc3 Bb4 4.e3 O-O 5.Bd3 d5 6.a3 Bxc3+ 7.bxc3 dxc4 8.Bxc4 c5
9.Ne2 Qc7 10.Ba2 b6 11.f3 Nc6 12.O-O Ba6 13.Re1 Rfd8 14.Qa4 Bd3 15.Nf4 b5
16.Qd1 Bc4 17.Bxc4 bxc4 18.Qa4 e5 19.Ne2 cxd4 20.exd4 exd4 21.Bf4 Qc8 22.cxd4
Nxd4 23.Nxd4 Rxd4 24.Be5 Rd5 25.Bxf6 gxf6 26.Rac1 Qc5+ 27.Kh1 Rc8 28.h3 Kg7
29.Re2 Rd4 30.Qa6 Rcd8 31.Ree1 R8d5 32.Qb7 Re5 33.Rxe5 fxe5 34.Qb8 c3 35.Kh2
Rd2 36.Re1 c2 37.Rxe5 c1=Q {#R} 0-1

[Event "It (open)"]
[Site "masterchessopen.com Komarno (Slovakia)"]
[Round "0"]
[White "Lanc Alois (SVK)"]
[Black "Huba Martin Jr (SVK)"]
[Result "0-1"]
[WhiteElo "2390"]
[BlackElo "2190"]

1.d4 Nf6 2.c4 e6 3.Nc3 Bb4 4.e3 O-O 5.Bd3 d5 6.a3 Bxc3+ 7.bxc3 c5 8.cxd5 exd5
9.Ne2 Nc6 10.O-O Re8 11.a4 c4 12.Bc2 Bg4 13.f3 Bh5 14.Nf4 Bg6 15.Nxg6 hxg6
16.Qe1 Qe7 17.Bd2 a6 18.Qf2 b5 19.e4 b4 20.e5 Nh7 21.f4 b3 22.Bb1 f5 23.exf6
Qxf6 24.Qf3 Rad8 25.Kh1 Nf8 26.g4 Qe7 27.Rf2 Qf7 28.f5 Rd7 29.g5 Rde7 30.f6
Re6 31.h4 Nd8 32.Qg2 gxf6 33.h5 Qh7 34.gxf6 Qxh5+ 35.Kg1 Re2 36.Qg5 Re1+
37.Rf1 Rxf1+ 38.Kxf1 Qf3+ 39.Kg1 Nf7 40.Qf4 Re1+ {#R} 0-1

[Event "It (open)"]
[Site "masterchessopen.com Le Touquet (France)"]
[Round "0"]
[White "Mancini Mario (FRA)"]
[Black "Chuchelov Vladimir (BEL)"]
[Result "0-1"]
[WhiteElo "2290"]
[BlackElo "2540"]

1.d4 Nf6 2.c4 e6 3.Nc3 Bb4 4.e3 O-O 5.Bd3 d5 6.a3 Bxc3+ 7.bxc3 dxc4 8.Bxc4 c5
9.Nf3 Qc7 10.Be2 ( { ? } 10.Ba2 ) 10...Nc6 11.O-O Rd8 12.Qc2 e5 { = } 13.Nxe5
( 13.Bb2 Bg4 { ! } 14.Nxe5 Nxe5 15.dxe5 Qxe5 16.c4 Qe6 17.Bd3 Qd7 { ! } 18.Be4
Nxe4 19.Qxe4 Qe6 20.Qc2 f6 { 1/2:1/2, Stepak Y. - Slutsky L, Israel 1996 } )
13...Nxe5 14.dxe5 Qxe5 15.Bb2 ( 15.f3 Nd5 { ? } ) ( 15.c4 { !? } 15...Ng4 (
15...Bf5 16.Qb3 ) ( 15...Qxa1 16.Bb2 Qa2 17.Ra1 Bf5 18.Qc3 Qxa1+ 19.Bxa1 b6 {
= } ) 16.Bxg4 Bxg4 17.Bb2 Qe7 18.Qc3 f6 19.f3 Be6 { ? } ) 15...Bf5 16.Qc1 (
16.c4 Qxh2+ 17.Kxh2 Bxc2 { ? } ) 16...c4 { ! } 17.Bxc4 { ?! } ( 17.Rd1 { ! }
17...Rxd1+ ( 17...Bd3 { ?! } 18.Bxd3 cxd3 19.c4 Qf5 20.Bd4 ) 18.Qxd1 Qb5 { ! }
19.Bc1 Bd3 { ? } ) 17...Ng4 18.g3 Nxh2 { ! } 19.Kxh2 Bg4 { !! x e2 } (
19...Be4 { ? } 20.Be2 { ! } 20...Rd6 21.f3 Qh5+ 22.Kg2 Rh6 23.Rh1 { +?? } )
20.f4 { ? } ( 20.Rh1 Bf3 21.Bf1 Qh5+ 22.Bh3 Rd6 23.Qf1 Rh6 { ??+ } ) ( 20.f3
Qh5+ 21.Kg1 ( 21.Kg2 Qh3+ 22.Kf2 Qh2+ 23.Ke1 Qxg3+ 24.Rf2 Bxf3 { ? } )
21...Bxf3 22.e4 Rac8 23.Bxf7+ Qxf7 24.Qe3 Rf8 { ? } ) 20...Qe4 { ! ??+ }
21.Kg1 Qxc4 ( 21...Rd6 { ??+ } ) 22.Qc2 Rd3 23.Rae1 Rad8 24.Bc1 Rxc3 25.Qg2
Rc2 26.Qxb7 Bh3 27.Rd1 Rxd1 28.Qb8+ Bc8 29.Rxd1 Rxc1 30.Rxc1 Qxc1+ 31.Kf2 Qc2+
32.Ke1 Qc5 { } {#R} 0-1

[Event "It (open)"]
[Site "masterchessopen.com Regensburg (Germany)"]
[Round "7"]
[White "Kupreichik Viktor D (BLR)"]
[Black "Lau Ralf (GER)"]
[Result "0-1"]
[WhiteElo "2500"]
[BlackElo "2495"]

1.d4 Nf6 2.c4 e6 3.Nc3 Bb4 4.e3 O-O 5.Bd3 d5 6.a3 Bxc3+ 7.bxc3 dxc4 8.Bxc4 c5
9.Ne2 Qc7 10.Bd3 Nc6 11.O-O e5 12.Qc2 Be6 13.f4 c4 14.Bf5 Bxf5 15.Qxf5 exd4
16.exd4 Rfe8 17.Ng3 Na5 18.Bd2 Nb3 19.Rad1 Qc6 20.Qg5 h6 21.Qh4 Qd5 22.f5 Nxd2
23.Rxd2 Re3 24.Rc2 Rae8 25.Qf4 Qa5 {#R} 0-1

[Event "It (open)"]
[Site "masterchessopen.com Sao Paulo (Brazil)"]
[Round "8"]
[White "Souza Mauro G (BRA)"]
[Black "Borges Leomar Barbero (BRA)"]
[Result "1-0"]
[WhiteElo "2053"]
[BlackElo "2255"]

1.d4 Nf6 2.c4 e6 3.Nc3 Bb4 4.e3 O-O 5.Bd3 d5 6.a3 Bxc3+ 7.bxc3 dxc4 8.Bxc4 c5
9.Ne2 Qc7 10.Bd3 Nc6 11.O-O Rd8 12.Bb2 b6 13.e4 Bb7 14.Qc1 Ng4 15.Ng3 Qe7
16.Qf4 Nge5 17.Be2 Nd7 18.Qe3 Nf6 19.f4 Rac8 20.e5 Nd5 21.Qf2 cxd4 22.cxd4 f5
23.exf6 Nxf6 24.f5 Na5 25.Bd3 Qd6 26.fxe6 Bd5 27.Rae1 Bxe6 28.d5 Bxd5 29.Nf5
Qf8 30.Ne7+ Kh8 31.Nxc8 Rxc8 32.Qh4 {#r} 1-0

[Event "It (open)"]
[Site "masterchessopen.com Sao Paulo (Brazil)"]
[Round "4"]
[White "Souza Mauro G (BRA)"]
[Black "Sunye Neto Jaime (BRA)"]
[Result "0-1"]
[WhiteElo "2053"]
[BlackElo "2500"]

1.d4 Nf6 2.c4 e6 3.Nc3 Bb4 4.e3 O-O 5.Bd3 d5 6.a3 Bxc3+ 7.bxc3 dxc4 8.Bxc4 c5
9.Ne2 Qc7 10.Bd3 b6 11.O-O Ba6 12.Bxa6 Nxa6 13.a4 Rfd8 14.Qd3 Qb7 15.Ba3 Nc7
16.a5 Qc6 17.Rfb1 Ne4 18.f3 Nd6 19.Ng3 Ncb5 20.Ne4 Nxe4 21.fxe4 Nd6 22.d5 exd5
23.exd5 Qc7 24.c4 Re8 25.axb6 axb6 26.Bb2 Rab8 27.e4 Nxe4 28.Rf1 Qd7 29.Rf4
Nd6 30.Qg3 f5 31.Rh4 Qe7 32.Bxg7 Qxg7 {#R} 0-1

[Event "It (open)"]
[Site "masterchessopen.com Chemnitz (Germany)"]
[Round "8"]
[White "Kapp Martin (GER)"]
[Black "Pfeiffer Alfred (GER)"]
[Result "0-1"]
[WhiteElo "2215"]
[BlackElo "2108"]

1.d4 Nf6 2.c4 e6 3.Nc3 Bb4 4.e3 O-O 5.Bd3 d5 6.a3 Bxc3+ 7.bxc3 dxc4 8.Bxc4 c5
9.Nf3 b6 10.a4 Qc7 11.Qe2 Bb7 12.O-O Nbd7 13.Bd3 Rac8 14.Ra3 Qd6 15.Bb2 Ne4
16.Qc2 f5 17.Rd1 cxd4 18.Bb5 Rfd8 19.Rxd4 Qc7 20.Ra1 Ndc5 21.Rad1 Bd5 22.c4
Bb7 23.Rxd8+ Rxd8 24.Rxd8+ Qxd8 25.Ne5 a6 26.f3 axb5 27.fxe4 Bxe4 28.Qe2 bxa4
29.Qh5 Qe7 30.g4 fxg4 31.Nxg4 Nd7 32.Nh6+ gxh6 33.Qg4+ Qg5 {#R} 0-1